MARC details
| 000 -CABECERA |
| campo de control de longitud fija |
00938cam a2200265 a 4500 |
| 001 - NÚMERO DE CONTROL |
| campo de control |
000010074 |
| 005 - FECHA Y HORA DE LA ÚLTIMA TRANSACCIÓN |
| campo de control |
20200929161830.0 |
| 008 - DATOS DE LONGITUD FIJA--INFORMACIÓN GENERAL |
| campo de control de longitud fija |
940621s1993 sp b 001 p spa d |
| 020 ## - NÚMERO INTERNACIONAL ESTÁNDAR DEL LIBRO |
| Número Internacional Estándar del Libro |
8423973131 |
| 040 ## - FUENTE DE LA CATALOGACIÓN |
| Centro catalogador/agencia de origen |
DO-SdBNP |
| Centro/agencia transcriptor |
MiU |
| Centro/agencia modificador |
NSbSU |
| -- |
DLC |
| 050 04 - SIGNATURA TOPOGRÁFICA DE LA BIBLIOTECA DEL CONGRESO |
| Número de clasificación |
PQ6603.O79 |
| Número de documento/Ítem |
A6 1993 |
| 082 ## - NÚMERO DE LA CLASIFICACIÓN DECIMAL DEWEY |
| Número de clasificación |
828.99341 |
| Número de documento/Ítem |
B777p |
| 100 1# - ENTRADA PRINCIPAL--NOMBRE DE PERSONA |
| Nombre de persona |
Bousoño, Carlos. |
| Fechas asociadas al nombre |
1923- |
| 9 (RLIN) |
15501 |
| 240 10 - TÍTULO UNIFORME |
| Título uniforme |
Poems. |
| Subencabezamiento de forma |
Selections |
| 245 10 - MENCIÓN DE TÍTULO |
| Título |
Poesía : |
| Resto del título |
antología: 1945-1993 / |
| Mención de responsabilidad, etc. |
Carlos Bousoño ; edición, Alejandro Duque Amusco. |
| 260 ## - PUBLICACIÓN, DISTRIBUCIÓN, ETC. |
| Lugar de publicación, distribución, etc. |
Madrid : |
| Nombre del editor, distribuidor, etc. |
Espasa Calpe, |
| Fecha de publicación, distribución, etc. |
1993. |
| 300 ## - DESCRIPCIÓN FÍSICA |
| Extensión |
287 p. ; |
| Dimensiones |
18 cm. |
| 490 1# - MENCIÓN DE SERIE |
| Mención de serie |
Austral ; |
| Designación de volumen o secuencia |
no. 313. |
| Mención de serie |
Literatura |
| 504 ## - NOTA DE BIBLIOGRAFÍA, ETC. |
| Nota de bibliografía, etc. |
Incluye referencias bibliográficas p. [47]-54. |
| 650 #4 - PUNTO DE ACCESO ADICIONAL DE MATERIA--TÉRMINO DE MATERIA |
| Término de materia o nombre geográfico como elemento de entrada |
Poesía australiana |
| Subdivisión de forma |
COLECCIONES |
| 9 (RLIN) |
25054 |
| 650 #4 - PUNTO DE ACCESO ADICIONAL DE MATERIA--TÉRMINO DE MATERIA |
| Término de materia o nombre geográfico como elemento de entrada |
Literatura australiana |
| Subdivisión cronológica |
SIGLO XX |
| 9 (RLIN) |
25055 |
| 700 1# - PUNTO DE ACCESO ADICIONAL--NOMBRE DE PERSONA |
| Nombre de persona |
Duque Amusco, Alejandro, |
| Término indicativo de función/relación |
ed. |
| 9 (RLIN) |
25056 |
| 830 #0 - PUNTO DE ACCESO ADICIONAL DE SERIE-TÍTULO UNIFORME |
| Título uniforme |
Austral ; |
| Designación de volumen o secuencia |
no. 313 |
| Nombre de parte o sección de la obra |
Literatura |
| 9 (RLIN) |
21451 |
| 910 ## - DATOS DE OPCIÓN DEL USUARIO (OCLC) |
| Datos de opción del usuario |
Catalogación por copia / LC |